<The> Impact of Globalization and Technological Innovations on Unemployment of Low-skilled Labor Force in EU Countries

Analýza dvoch procesov, ktoré významným spôsobom prispeli k zmenám na trhu práce v krajinách EÚ. Tieto procesy predstavujú globalizácia a technologické inovácie, ako aj ich synergický účinok.

Uložené v:
Podrobná bibliografia
Hlavný autor: Přívara, Andrej, 1983-
Ďalší autori: Přívarová, Magdaléna, 1955-
Médium: Kapitola
Jazyk:English
Predmet:
Tagy: Pridať tag
Žiadne tagy, Buďte prvý, kto otaguje tento záznam!

MARC

LEADER 00000naa$a2200000$$$4500
001 0248915
005 20240712104108.3
041 0 |a eng 
044 |a AE 
245 1 0 |a <The> Impact of Globalization and Technological Innovations on Unemployment of Low-skilled Labor Force in EU Countries 
520 |a Analýza dvoch procesov, ktoré významným spôsobom prispeli k zmenám na trhu práce v krajinách EÚ. Tieto procesy predstavujú globalizácia a technologické inovácie, ako aj ich synergický účinok. 
610 2 0 |a globalizácia 
610 2 0 |a globalizácia hospodárstva 
610 2 0 |a sily pracovné 
610 2 0 |a kvalifikácia 
610 2 0 |a inovácie technologické 
610 2 0 |a trh práce 
610 2 0 |a nezamestnanosť 
610 2 0 |a Európska únia 
100 1 |a Přívara, Andrej, 1983- 
700 1 |a Přívarová, Magdaléna, 1955-